000 00634nam a2200241 a 4500
001 0001-1287
003 ELIB.Books
008 150630 2010 eng
020 _a0060192305
035 _a(ELIB.Books)0001-1442
092 _a291.4
_bDye
100 _aDyer, Wayne W.
245 _aThere's A Spiritual Solution to Every Problem
260 _aNew York
_bHarper Collins Publishers
_c2001
300 _a270
_c24 Cm
500 _aLibrary
650 _aReligious Life/ Spiritual
856 _nKBTS: Library
_uKBTS: Elib
942 _2ddc
_cBK
990 _a1
998 _cbat
_e2015-06-30
999 _c11287
_d11287